000 00423nam a2200145Ia 4500
008 090123s9999 xx 000 0 und d
082 _b30163
245 _aविनोद बत्तीशी
250 _a1
260 _bमॅजेस्टिक प्रकाशन
_c1999
300 _a173
630 _aविनोद बत्तीशी
730 _aविनोद बत्तीशी
942 _cBOOK
999 _c69098
_d69098